Solución de problemas con FORTRAN / Donald D. Spencer (Registro nro. 12340)
[ vista simple ]
| 000 -LÍDER | |
|---|---|
| fixed length control field | 00578nam a2200169 4500 |
| 008 - ELEMENTOS DE LONGITUD FIJA -- INFORMACIÓN GENERAL | |
| fixed length control field | 0 1980 0a 000 0ESP |
| 020 ## - NÚMERO INTERNACIONAL NORMALIZADO PARA LIBROS | |
| ISBN | 0-13-822569-9 |
| 050 ## - SIGNATURA TOPOGRAFICA DE LA BIBLIOTECA DEL CONGRESO (LC) | |
| Número de Clasificación | QA76 73F25 S6318 |
| 082 ## - NUMERO DE CLASIFICACION DECIMAL DEWEY | |
| Número de Clasificación | 001.6424 S855s |
| 100 ## - ASIENTO PRINCIPAL--NOMBRE PERSONAL | |
| Nombre personal | Spencer, Donald D. |
| 245 ## - TÍTULO | |
| Título | Solución de problemas con FORTRAN / Donald D. Spencer |
| 260 ## - PUBLICACIÓN, DISTRIBUCIÓN, ETC. (PIE DE IMPRENTA) | |
| Lugar de publicación, distribución, etc. | España : Dossat |
| 300 ## - DESCRIPCIÓN FÍSICA | |
| Extensión | xv,317 p. / 24 cm. |
| 500 ## - NOTA GENERAL | |
| Nota general | Incluye índice |
| 650 ## - ASIENTO SECUNDARIO DE MATERIA - TERMINO TEMÁTICO | |
| Término temático o nombre geográfico como elemento de entrada | 1.COMPUTADORAS ELECTRÓNICAS DIGITALES-PROGRAMACIÓN \ 2.FORTRAN (LENGUAJE DE PROGRAMACIÓN PARA COMPUTADORAS |
| 700 ## - ASIENTO SECUNDARIO - NOMBRE PERSONAL | |
| Nombre personal | Prado R., Jaime, Tr. |
| No. biblioteca | No. biblioteca | Número de clasificación | Código de barras/Número de adquisición | Número de copia | Tipo de material |
|---|---|---|---|---|---|
| LUIS G. INCLAN | LUIS G. INCLAN | 001.6424 S855s | 2550 | 2 | Libros |
| LUIS G. INCLAN | LUIS G. INCLAN | 001.6424 S855s | 2551 | 3 | Libros |
